Tilastot visalle Nicaragua-visa

Klikkaa tästä pelataksesi tätä visaa!

Yleistilastot

  • Tätä visaa on pelattu 164 kertaa
  • Keskiarvotulos 11 / 20

Vastaustilastot

VihjeVastaus% Oikein
NaapurimaatHonduras
99%
NaapurimaatCosta Rica
96%
Virallinen kieliEspanja
96%
Valtio, joka miehitti Nicaraguaa vuosina 1912–1933Yhdysvallat
92%
Meri Nicaraguan itäpuolellaKaribianmeri
89%
PääkaupunkiManagua
82%
Valtio, joka hallitsi yllä olevaa vuosina 1638–1787 ja 1844–1860Yhdistynyt kuningaskunta
74%
Suurin järviNicaragua
71%
Yllä oleva on ainoa makeanveden järvi, jossa on tällaisia kalojaHaita
63%
ValuuttaCórdoba
40%
Radikaalinen sosialistipuolue, joka hallisi Nicaraguaa 1979–1990 ja uudelleen vuodesta 2006 lähtienSandinista
40%
Nicaraguan johtaja vuodesta 2007 lähtienDaniel Ortega
37%
Nicaraguan toiseksi suurin kaupunkiLeón
35%
Nicaraguan itärannikon historiallinen alueMoskiittorannikko
35%
Joki, joka muodostaa suuren osan pohjoisrajastaCoco
32%
Yllä olevan valtaa vastustanut kapinallisryhmäContrat
32%
Vanhin eurooppalaisten Amerikan mantereelle perustama kaupunkiGranada
28%
Nicaraguan toiseksi vanhin kaupunki, nykyään maailmanperintökohde, nimen ensimmäinen sana on sama kuin yllä olevallaLeón Viejo
25%
”Modernismo”-suuntausta johtanut nicaragualainen runoilija, jolla on ollut suuri vaikutus espanjankieliseen kirjallisuuteenRubén Darío
24%
Yllä olevassa järvessä sijaitseva suuri saari, jolla sijaitsevat tulivuoret Concepción ja MaderasOmetepe
23%

Tulosjakauma

Persentiili vastausten määrän mukaan

Jokaisen tuloksen saaneiden osuus

Tuloshistoriasi

Et ole pelannut tätä visaa